Právne výzvy otvoreného bankovníctva v ére rovnováhy medzi inováciou a ochranou údajov
Digitalizácia finančných služieb zásadným spôsobom mení spôsob, akým spotrebitelia interagujú s bankovými inštitúciami. Tradičné bankovníctvo je čoraz viac nahrádzané modernými online a mobilnými službami, ktoré kladú dôraz na rýchlosť, dostupnosť a používateľskú jednoduchosť. V tomto kontexte sa ob...
Enregistré dans:
| Auteur principal: | |
|---|---|
| Autres auteurs: | |
| Format: | Chapitre de livre |
| Langue: | slovaque |
| Sujets: | |
| Tags: |
Pas de tags, Soyez le premier à ajouter un tag!
|
MARC
| LEADER | 00000naa$a2200000$$$4500 | ||
|---|---|---|---|
| 001 | 0313643 | ||
| 005 | 20260325124931.0 | ||
| 041 | 0 | |a slo | |
| 044 | |a SK | ||
| 245 | 1 | 0 | |a Právne výzvy otvoreného bankovníctva v ére rovnováhy medzi inováciou a ochranou údajov |c Petra Szaryszová, Lenka Sýkora |
| 520 | |a Digitalizácia finančných služieb zásadným spôsobom mení spôsob, akým spotrebitelia interagujú s bankovými inštitúciami. Tradičné bankovníctvo je čoraz viac nahrádzané modernými online a mobilnými službami, ktoré kladú dôraz na rýchlosť, dostupnosť a používateľskú jednoduchosť. V tomto kontexte sa objavil nový koncept, otvorené bankovníctvo (open banking), ktorý je významným krokom smerom k liberalizácii prístupu k finančným údajom a k podpore konkurencie na trhu platobných služieb. | ||
| 610 | 2 | 0 | |a výkonnosť podniku |
| 610 | 2 | 0 | |a podnikanie |
| 610 | 2 | 0 | |a konkurencieschopnosť |
| 610 | 2 | 0 | |a miera zisku |
| 610 | 2 | 0 | |a digitalizácia |
| 610 | 2 | 0 | |a služby finančné |
| 610 | 2 | 0 | |a bankovníctvo otvorené |
| 610 | 2 | 0 | |a legislatíva |
| 100 | 1 | |a Szaryszová, Petra, 1984- | |
| 700 | 1 | |a Sýkora, Lenka | |